| 000 | 00724nam a22002175a 4500 | ||
|---|---|---|---|
| 005 | 20180319152349.0 | ||
| 008 | 180319s1983 ru a frb 001 0 eng d | ||
| 040 |
_aEG-ScBUE _beng _cEG-ScBUE _dEG-ScBUE |
||
| 082 | 0 | 4 |
_222 _a668.65 _bCHE |
| 245 | 0 | 4 |
_aThe chemical protection of plants / _cG. S. Gruzdev ... [et al.] ; edited by G. S. Gruzdev. |
| 260 |
_aMoscow : _bMir Publishers, _c1983. |
||
| 300 |
_a471 p. : _bill. ; _c24 cm. |
||
| 504 | _aIncludes bibliographical references and index. | ||
| 650 | 7 |
_2BUEsh _aPlants, Protection of. |
|
| 650 | 7 | _aPesticides. | |
| 651 | _2BUEsh | ||
| 653 |
_bGGEN _cMarch2018 |
||
| 700 | 1 |
_aGruzdev, G. S. _c(Georgiĭ Sergeevich) |
|
| 700 | 1 |
_aGruzdev, G. S., _eeditor. |
|
| 942 | _2ddc | ||
| 999 |
_c26352 _d26324 |
||